000 00329nam a22001337a 4500
020 _a0340872764
082 _a330.03
100 _a Wall, Nancy et al.
245 _aThe complete A-Z economics & business studies handbook
250 _a3rd ed.
260 _aLondon
_bHodder and Stoughton
_c2003
300 _a341p
942 _cBK
999 _c3493
_d3493